Bienvenue à la Médiathèque de Saint-Andiol
banniere
Accueil Recherche avancée Mon compte
handi1 Rechercher dans le catalogue

Filtre   Mots-clés
  Recherche avancée
 
Lister les dernières nouveautés
 
Lister les livres GROS CARACTERES
 
Lister les périodiques (magazines)

handi1 Abîme regarde en toi (L')

Book Cover
Auteur principal : Christophe Bec
Autres auteurs : Ennio Bufi
Autres auteurs : Andréa Meloni
Titre : Abîme regarde en toi (L')
Support : Livres
Langue : Francais
Series : Carthago
Genre : Bande dessinée (adultes)
Sujets :
Étiquettes :
Pas de tags
LEADER 00969nam0a2200217 450
001 16868291
010 |a 978-2-7316-9605-9  |b cart.  |d 14,5 € 
100 |a 20190513d2019 u u0frey01 ba 
101 0 |a fre 
102 |a FR 
200 0 |a Abîme regarde en toi (L')  |f scénario Christophe Bec  |g dessin Ennio Bufi - coul. Andrea Meloni 
207 1 |a   
215 |a 56 p.  |c illustrations en couleur  |d 32 cm 
330 |a Tomaison. A l’aide de ressources insoupçonnées, Lou, la femme-poisson, sauve le Leviathan, coincé dans une abysse océanique, de l’apocalypse volcanique. Conclusion (définitive !) d’une série d’aventures sous-marines aux frontières du fantastique. 
461 0 |t Carthago  |v 10 
700 0 |a Bec  |b Christophe  |4 70 
701 0 |a Bufi  |b Ennio  |4 440 
702 0 |a Meloni  |b Andréa  |4 410 
900 |a Bande dessinée (adultes) 
901 |a Adultes 
995 |a Médiathèque  |c Médiathèque  |f 00156010469088  |h 00156010469088  |k BDA BEC CAR 10  |o p  |q a  |r az  |e Médiathèque